[Event "DFMMLV 2019"]
[Site "Braunfels"]
[Date "2019.06.23"]
[Round "5.7"]
[White "von Keyserlingk, Chanda"]
[Black "Valkova, Anzhelika"]
[Result "0-1"]
[WhiteElo "1702"]
[BlackElo "1944"]
[Annotator "NA"]
[PlyCount "100"]
[EventDate "2019.06.20"]
[EventType "team-tourn"]
[EventCountry "GER"]
[SourceTitle "playchess.com"]
[Source "ChessBase"]
[SourceQuality "1"]
[WhiteTeam "Sachsen"]
[BlackTeam "Wuerttemberg 1"]
[TimeControl "40/5400+30:1800+30"]

1. d4 {[%emt 0:00:00]} Nf6 {[%emt 0:00:00]} 2. c4 {[%emt 0:00:00]} g6 {[%emt 0:00:00]} 3. Nc3 {[%emt 0:02:10]} Bg7 {[%emt 0:00:00]} 4. e4 {[%emt 0:00:42]} d6 {[%emt 0:00:00]} 5. f3 {[%emt 0:01:08]} O-O {[%emt 0:00:04]} 6. Be3 {[%emt 0:00:15]} e5 {[%emt 0:00:07]} 7. d5 {[%emt 0:01:41]} c6 {[%emt 0:00:16]} 8. Qd2 {[%emt 0:01:09]} cxd5 {[%emt 0:06:01]} 9. cxd5 {[%emt 0:00:14]} Na6 {[%emt 0:01:02]} 10. Bd3 {[%emt 0:03:29]} Ne8 {[%emt 0:01:39]} 11. Nge2 {[%emt 0:06:05]} f5 {[%emt 0:00:23]} 12. O-O {[%emt 0:01:23]} f4 {[%emt 0:00:37]} 13. Bf2 {[%emt 0:01:06]} Rf7 {[%emt 0:00:16]} 14. a3 {[%emt 0:01:10]} Bf8 {[%emt 0:00:30]} 15. Rac1 {[%emt 0:01:38]} g5 {[%emt 0:00:34]} 16. Nb5 {[%emt 0:03:29]} b6 {[%emt 0:03:07]} 17. b4 {[%emt 0:09:34]} h5 {[%emt 0:00:45]} 18. Kh1 {[%emt 0:03:53]} g4 {[%emt 0:02:29]} 19. Qe1 {[%emt 0:04:47]} Be7 {[%emt 0:00:48]} 20. Rxc8 {[%emt 0:02:24]} Qxc8 {[%emt 0:01:49]} 21. Bh4 {[%emt 0:02:18]} Nac7 {[%emt 0:11:38]} 22. Bxe7 {[%emt 0:00:42]} Rxe7 {[%emt 0:00:47]} 23. Qh4 {[%emt 0:00:26]} Rg7 {[%emt 0:00:50]} 24. Nbc3 {[%emt 0:03:22]} Qd7 {[%emt 0:02:26]} 25. Qxh5 {[%emt 0:06:04]} g3 {[%emt 0:00:18]} 26. h3 {[%emt 0:01:59]} Nf6 {[%emt 0:02:45]} 27. Qf5 {[%emt 0:00:44]} Qxf5 {[%emt 0:06:14]} 28. exf5 {[%emt 0:00:13]} Kf8 {[%emt 0:02:55]} 29. Nb5 {[%emt 0:01:46]} Nxb5 {[%emt 0:05:08]} 30. Bxb5 {[%emt 0:00:12]} Nxd5 {[%emt 0:00:12]} 31. Rd1 {[%emt 0:01:38]} Nc7 {[%emt 0:00:19]} 32. Bc6 {[%emt 0:00:23]} Rd8 {[%emt 0:00:11]} 33. Nc3 {[%emt 0:01:55]} d5 {[%emt 0:00:08]} 34. b5 {[%emt 0:04:27]} Rf7 {[%emt 0:02:04]} 35. f6 {[%emt 0:04:07]} Rxf6 {[%emt 0:01:49]} 36. Ne4 {[%emt 0:00:12]} Rg6 {[%emt 0:01:24]} 37. Kg1 {[%emt 0:01:00]} Ke7 {[%emt 0:00:37]} 38. Nc3 {[%emt 0:00:22]} d4 {[%emt 0:04:40]} 39. Ne4 {[%emt 0:01:03]} Nd5 {[%emt 0:00:27]} 40. Bxd5 {[%emt 0:01:51]} Rxd5 {[%emt 0:00:04]} 41. a4 {[%emt 0:30:08]} d3 {[%emt 0:30:43]} 42. Kf1 {[%emt 0:00:24]} Rg8 {[%emt 0:01:31]} 43. Rc1 {[%emt 0:00:31]} d2 {[%emt 0:01:43]} 44. Rd1 {[%emt 0:03:53]} Rgd8 {[%emt 0:05:50]} 45. Ke2 {[%emt 0:01:02]} Rd4 {[%emt 0:01:29]} 46. Nxd2 {[%emt 0:06:17]} Rxa4 {[%emt 0:00:14]} 47. Ne4 {[%emt 0:02:45]} Ra2+ {[%emt 0:01:11]} 48. Rd2 {[%emt 0:00:08]} Rdxd2+ {[%emt 0:00:07]} 49. Nxd2 {[%emt 0:00:08]} Rb2 {[%emt 0:00:08]} 50. Kd3 {[%emt 0:01:21]} Rxb5 {[%emt 0:00:07] Kd4} 0-1

[Event "DFMMLV 2019"]
[Site "Braunfels"]
[Date "2019.06.23"]
[Round "5.8"]
[White "Noppes, Marina"]
[Black "Gottschall, Ina"]
[Result "1/2-1/2"]
[WhiteElo "1983"]
[BlackElo "1637"]
[Annotator "NA"]
[PlyCount "67"]
[EventDate "2019.06.20"]
[EventType "team-tourn"]
[EventCountry "GER"]
[SourceTitle "playchess.com"]
[Source "ChessBase"]
[SourceQuality "1"]
[WhiteTeam "Wuerttemberg 1"]
[BlackTeam "Sachsen"]
[TimeControl "40/5400+30:1800+30"]

1. d4 {[%emt 0:02:41]} Nf6 {[%emt 0:00:00]} 2. Nf3 {[%emt 0:00:09]} g6 {[%emt 0:00:00]} 3. c4 {[%emt 0:00:14]} Bg7 {[%emt 0:00:24]} 4. Nc3 {[%emt 0:00:27]} O-O {[%emt 0:01:27]} 5. e4 {[%emt 0:00:41]} d6 {[%emt 0:00:16]} 6. Be2 {[%emt 0:00:05]} c5 {[%emt 0:00:33]} 7. d5 {[%emt 0:00:26]} a6 {[%emt 0:03:16]} 8. O-O {[%emt 0:03:54]} Bg4 {[%emt 0:01:07]} 9. Rb1 {[%emt 0:05:33]} Bxf3 {[%emt 0:06:19]} 10. Bxf3 {[%emt 0:00:04]} b5 {[%emt 0:00:13]} 11. cxb5 {[%emt 0:06:55]} axb5 {[%emt 0:00:07]} 12. Nxb5 {[%emt 0:00:10]} Rxa2 {[%emt 0:00:27]} 13. Na3 {[%emt 0:19:46]} Qb6 {[%emt 0:06:28]} 14. Qc2 {[%emt 0:01:02]} Nbd7 {[%emt 0:09:46]} 15. Bd2 {[%emt 0:09:53]} Rb8 {[%emt 0:14:36]} 16. Bc3 {[%emt 0:01:12]} Ne8 {[%emt 0:13:04]} 17. Nc4 {[%emt 0:23:01]} Qb3 {[%emt 0:02:13]} 18. Qxb3 {[%emt 0:05:24]} Rxb3 {[%emt 0:00:15]} 19. Na5 {[%emt 0:00:29]} Rb6 {[%emt 0:08:46]} 20. Nc6 {[%emt 0:03:53]} Bxc3 {[%emt 0:01:13]} 21. bxc3 {[%emt 0:00:11]} e6 {[%emt 0:09:21]} 22. h3 {[%emt 0:02:56]} Rc2 {[%emt 0:04:49]} 23. Rxb6 {[%emt 0:01:26]} Nxb6 {[%emt 0:00:15]} 24. Rb1 {[%emt 0:00:14]} Nd7 {[%emt 0:03:50]} 25. dxe6 {[%emt 0:02:10]} fxe6 {[%emt 0:00:09]} 26. Bg4 {[%emt 0:00:11]} Ndf6 {[%emt 0:02:54]} 27. Bxe6+ {[%emt 0:01:37]} Kg7 {[%emt 0:00:18]} 28. c4 {[%emt 0:04:38]} Nxe4 {[%emt 0:00:55]} 29. Rb7+ {[%emt 0:00:08]} Kh6 {[%emt 0:00:50]} 30. Rf7 {[%emt 0:01:33]} Ng5 {[%emt 0:00:47]} 31. Re7 {[%emt 0:00:50]} Nxe6 {[%emt 0:00:47]} 32. Rxe6 {[%emt 0:00:48]} Ng7 {[%emt 0:00:31]} 33. Re4 {[%emt 0:00:18]} Nf5 {[%emt 0:00:52]} 34. g4 {[%emt 0:01:03]} 1/2-1/2

[Event "DFMMLV 2019"]
[Site "Braunfels"]
[Date "2019.06.23"]
[Round "5.9"]
[White "Malachowski, Margrit"]
[Black "Khrapko, Marharyta"]
[Result "0-1"]
[WhiteElo "2080"]
[BlackElo "2074"]
[Annotator "NA"]
[PlyCount "80"]
[EventDate "2019.06.20"]
[EventType "team-tourn"]
[EventCountry "GER"]
[SourceTitle "playchess.com"]
[Source "ChessBase"]
[SourceQuality "1"]
[WhiteTeam "Baden"]
[BlackTeam "Bayern 1"]
[TimeControl "40/5400+30:1800+30"]

1. Nf3 {[%emt 0:00:00]} d6 {[%emt 0:00:42]} 2. g3 {[%emt 0:00:22]} e5 {[%emt 0:00:04]} 3. d3 {[%emt 0:00:19]} Be7 {[%emt 0:00:26]} 4. Bg2 {[%emt 0:00:35]} f5 {[%emt 0:00:18]} 5. c4 {[%emt 0:00:41]} Nf6 {[%emt 0:01:34]} 6. Nc3 {[%emt 0:02:51]} c6 {[%emt 0:02:01]} 7. O-O {[%emt 0:07:12]} Na6 {[%emt 0:00:55]} 8. e3 {[%emt 0:06:15]} O-O {[%emt 0:00:52]} 9. a3 {[%emt 0:01:41]} Qe8 {[%emt 0:07:20]} 10. b4 {[%emt 0:04:19]} Qh5 {[%emt 0:03:24]} 11. Nd2 {[%emt 0:18:19]} Qh6 {[%emt 0:01:08]} 12. f4 {[%emt 0:01:51]} e4 {[%emt 0:17:25]} 13. Re1 {[%emt 0:05:22]} d5 {[%emt 0:06:24]} 14. cxd5 {[%emt 0:01:25]} cxd5 {[%emt 0:01:37]} 15. d4 {[%emt 0:02:05]} Be6 {[%emt 0:03:01]} 16. Qb3 {[%emt 0:03:27]} Nc7 {[%emt 0:03:39]} 17. a4 {[%emt 0:01:59]} b5 {[%emt 0:04:18]} 18. Nxb5 {[%emt 0:00:49]} Nxb5 {[%emt 0:00:09]} 19. axb5 {[%emt 0:00:08]} Rfb8 {[%emt 0:02:12]} 20. Ba3 {[%emt 0:04:19]} Bd7 {[%emt 0:02:31]} 21. Bf1 {[%emt 0:05:30]} Bxb5 {[%emt 0:02:10]} 22. Bxb5 {[%emt 0:00:38]} Rxb5 {[%emt 0:00:02]} 23. Qc3 {[%emt 0:01:36]} Ng4 {[%emt 0:04:49]} 24. Nf1 {[%emt 0:00:38]} Qb6 {[%emt 0:00:54]} 25. h3 {[%emt 0:02:52]} Nf6 {[%emt 0:01:02]} 26. Rec1 {[%emt 0:06:53]} Bxb4 {[%emt 0:05:09]} 27. Bxb4 {[%emt 0:02:09]} Rxb4 {[%emt 0:00:01]} 28. Qa3 {[%emt 0:06:05]} a5 {[%emt 0:02:26]} 29. Rc5 {[%emt 0:00:29]} a4 {[%emt 0:01:03]} 30. Qc3 {[%emt 0:00:41]} Rb1 {[%emt 0:09:56]} 31. Rxb1 {[%emt 0:04:39]} Qxb1 {[%emt 0:00:03]} 32. Qa3 {[%emt 0:00:14]} Qb7 {[%emt 0:02:24]} 33. Rc3 {[%emt 0:00:52]} Qd7 {[%emt 0:02:25]} 34. Qb4 {[%emt 0:00:59]} Ne8 {[%emt 0:00:25]} 35. Nd2 {[%emt 0:00:31]} Nd6 {[%emt 0:00:42]} 36. Nb1 {[%emt 0:01:23]} Nb5 {[%emt 0:02:59]} 37. Rc2 {[%emt 0:01:39]} a3 {[%emt 0:01:03]} 38. Ra2 {[%emt 0:00:02]} Qc6 {[%emt 0:00:12]} 39. Kg2 {[%emt 0:02:35]} Qc4 {[%emt 0:00:36]} 40. Qd2 {[%emt 0:00:31]} Qb3 {[%emt 0:00:29]} 0-1

[Event "DFMMLV 2019"]
[Site "Braunfels"]
[Date "2019.06.23"]
[Round "5.10"]
[White "Siegl, Melina"]
[Black "Zhang, Fan"]
[Result "1/2-1/2"]
[WhiteElo "2029"]
[BlackElo "2069"]
[Annotator "NA"]
[PlyCount "95"]
[EventDate "2019.06.20"]
[EventType "team-tourn"]
[EventCountry "GER"]
[SourceTitle "playchess.com"]
[Source "ChessBase"]
[SourceQuality "1"]
[WhiteTeam "Bayern 1"]
[BlackTeam "Baden"]
[TimeControl "40/5400+30:1800+30"]

1. e4 {[%emt 0:00:00]} e6 {[%emt 0:00:57]} 2. d3 {[%emt 0:00:00]} d5 {[%emt 0:00:05]} 3. Nd2 {[%emt 0:00:00]} dxe4 {[%emt 0:00:24]} 4. dxe4 {[%emt 0:00:00]} Bc5 {[%emt 0:00:22]} 5. Ngf3 {[%emt 0:03:59]} Nf6 {[%emt 0:02:00]} 6. h3 {[%emt 0:04:12] C00: French: Unusual White 2nd moves} e5 {[%emt 0:03:06]} 7. Bc4 {[%emt 0:03:03]} O-O {[%emt 0:01:02]} 8. Qe2 $146 {[%emt 0:02:41]} ({Predecessor:} 8. O-O Nc6 9. c3 a5 10. a4 h6 11. Re1 Qe7 12. Nf1 Be6 13. Qb3 Bxc4 14. Qxc4 {1-0 (78) Li,R (2585)-Shen,C (2276) Philadelphia 2018}) 8... Nc6 {[%emt 0:04:25]} 9. c3 {[%emt 0:00:17]} a6 {[%emt 0:09:28]} 10. Nf1 {[%emt 0:02:59]} Qd6 {[%emt 0:04:01]} 11. Bb3 {[%emt 0:07:20]} Be6 {[%emt 0:01:34]} 12. Bc2 {[%emt 0:00:20]} Rad8 {[%emt 0:17:50]} 13. g4 {[%emt 0:02:49]} b5 {[%emt 0:02:17]} 14. N3d2 {[%emt 0:14:54]} Ne7 {[%emt 0:04:34]} 15. b3 {[%emt 0:29:33]} b4 {[%emt 0:06:08]} 16. Ng3 {[%emt 0:07:58]} bxc3 {[%emt 0:11:20]} 17. Nf3 {[%emt 0:00:07]} Bd7 {[%emt 0:05:59]} 18. a4 {[%emt 0:02:15]} Bc8 {[%emt 0:05:30]} 19. O-O {[%emt 0:06:16]} Nc6 {[%emt 0:03:48]} 20. Rd1 {[%emt 0:06:30]} Qe6 {[%emt 0:01:52]} 21. Be3 {[%emt 0:02:04]} Nd4 {[%emt 0:03:37]} 22. Bxd4 {[%emt 0:00:09]} Bxd4 {[%emt 0:01:10]} 23. Nf5 {[%emt 0:00:05]} Bc5 {[%emt 0:04:37]} 24. Ng5 {[%emt 0:00:09]} Qb6 {[%emt 0:00:28]} 25. Ne3 {[%emt 0:03:52]} Bxe3 {[%emt 0:01:31]} 26. fxe3 {[%emt 0:00:02]} a5 {[%emt 0:00:19]} 27. Kf2 {[%emt 0:00:40]} Ba6 {[%emt 0:00:28]} 28. Qe1 {[%emt 0:00:50]} Qb4 {[%emt 0:00:49]} 29. Nf3 {[%emt 0:00:05]} Nxe4+ {[%emt 0:00:18]} 30. Bxe4 {[%emt 0:00:10]} Qxe4 {[%emt 0:00:04]} 31. Qxc3 {[%emt 0:00:08]} Bb7 {[%emt 0:00:58]} 32. Ne1 {[%emt 0:01:01]} Qh1 {[%emt 0:00:32]} 33. Qxe5 {[%emt 0:00:11]} Qc6 {[%emt 0:03:34]} 34. Rac1 {[%emt 0:00:33]} Qb6 {[%emt 0:00:18]} 35. Qe7 {[%emt 0:01:17]} Rxd1 {[%emt 0:00:27]} 36. Rxd1 {[%emt 0:00:05]} c5 {[%emt 0:01:28]} 37. Rd7 {[%emt 0:00:55]} Bh1 {[%emt 0:00:34]} 38. Rd3 {[%emt 0:00:50]} g6 {[%emt 0:00:20]} 39. Rc3 {[%emt 0:00:12]} Rc8 {[%emt 0:00:41]} 40. Nd3 {[%emt 0:00:32]} Qc6 {[%emt 0:00:30]} 41. Ne5 {[%emt 0:14:47]} Qg2+ {[%emt 0:00:00]} 42. Ke1 {[%emt 0:02:38]} Qg3+ {[%emt 0:04:47]} 43. Ke2 {[%emt 0:00:17]} Bd5 {[%emt 0:03:43]} 44. g5 {[%emt 0:09:25]} (44. Nd7 $11) 44... Qxh3 {[%emt 0:04:47]} 45. Rxc5 $11 {[%emt 0:00:58]} Qg2+ {[%emt 0:12:04]} 46. Ke1 {[%emt 0:00:55]} Qg3+ {[%emt 0:00:10]} 47. Ke2 {[%emt 0:00:09]} Qg2+ {[%emt 0:01:21]} 48. Ke1 {[%emt 0:00:06]} 1/2-1/2

[Event "DFMMLV 2019"]
[Site "Braunfels"]
[Date "2019.06.23"]
[Round "5.11"]
[White "Frank, Tena"]
[Black "Stangl, Anita"]
[Result "1-0"]
[WhiteElo "1937"]
[BlackElo "2010"]
[Annotator "NA"]
[PlyCount "55"]
[EventDate "2019.06.20"]
[EventType "team-tourn"]
[EventCountry "GER"]
[SourceTitle "playchess.com"]
[Source "ChessBase"]
[SourceQuality "1"]
[WhiteTeam "Baden"]
[BlackTeam "Bayern 1"]
[TimeControl "40/5400+30:1800+30"]

1. d4 {[%emt 0:00:00]} e6 {[%emt 0:00:00]} 2. c4 {[%emt 0:00:00]} d5 {[%emt 0:00:00]} 3. Nc3 {[%emt 0:00:00]} c6 {[%emt 0:00:03]} 4. Nf3 {[%emt 0:00:00]} dxc4 {[%emt 0:00:57]} 5. a4 {[%emt 0:00:13]} Bb4 {[%emt 0:00:45]} 6. e3 {[%emt 0:00:23]} b5 {[%emt 0:01:15]} 7. Bd2 {[%emt 0:00:57]} a5 {[%emt 0:01:43]} 8. Rb1 {[%emt 0:03:03]} Ba6 {[%emt 0:23:25]} 9. Ne5 {[%emt 0:03:25]} Ra7 {[%emt 0:27:08]} 10. Nxc6 {[%emt 0:10:47]} Nxc6 {[%emt 0:01:45]} 11. axb5 {[%emt 0:05:34]} Bxc3 {[%emt 0:01:34]} 12. bxc3 {[%emt 0:03:39]} Bb7 {[%emt 0:06:08]} 13. bxc6 {[%emt 0:02:26]} Bxc6 {[%emt 0:00:06]} 14. Bxc4 {[%emt 0:06:40]} Bxg2 {[%emt 0:03:15]} 15. Bb5+ {[%emt 0:20:18]} Kf8 {[%emt 0:01:56]} 16. Rg1 {[%emt 0:00:20]} Be4 {[%emt 0:03:06]} 17. Ra1 {[%emt 0:05:42]} Nf6 {[%emt 0:08:41]} 18. c4 {[%emt 0:08:19]} Qc7 {[%emt 0:00:52]} 19. Rg3 {[%emt 0:03:15]} g6 {[%emt 0:08:04]} 20. f3 {[%emt 0:03:42]} Bb7 {[%emt 0:04:16]} 21. Kf2 {[%emt 0:03:08]} Nh5 {[%emt 0:00:26]} 22. Rg2 {[%emt 0:00:54]} Qd8 {[%emt 0:00:41]} 23. Bc3 {[%emt 0:04:20]} Qh4+ {[%emt 0:01:27]} 24. Kg1 {[%emt 0:00:53]} Qh3 {[%emt 0:00:13]} 25. Rf2 {[%emt 0:01:34]} g5 {[%emt 0:00:18]} 26. d5 {[%emt 0:06:30]} Rg8 {[%emt 0:00:58]} 27. dxe6 {[%emt 0:02:08]} Qxe6 {[%emt 0:00:24]} 28. Qd8+ 1-0

[Event "DFMMLV 2019"]
[Site "Braunfels"]
[Date "2019.06.23"]
[Round "5.12"]
[White "Ankerst, Milka"]
[Black "Schneider, Birgit"]
[Result "1-0"]
[WhiteElo "2005"]
[BlackElo "1874"]
[Annotator "NA"]
[PlyCount "75"]
[EventDate "2019.06.20"]
[EventType "team-tourn"]
[EventCountry "GER"]
[SourceTitle "playchess.com"]
[Source "ChessBase"]
[SourceQuality "1"]
[WhiteTeam "Bayern 1"]
[BlackTeam "Baden"]
[TimeControl "40/5400+30:1800+30"]

1. e4 {[%emt 0:00:00]} c5 {[%emt 0:00:00]} 2. Nf3 {[%emt 0:00:00]} Nc6 {[%emt 0:00:00]} 3. d3 {[%emt 0:00:19]} g6 {[%emt 0:00:59]} 4. g3 {[%emt 0:00:15]} Bg7 {[%emt 0:03:58]} 5. c3 {[%emt 0:00:34]} d6 {[%emt 0:01:41]} 6. Bg2 {[%emt 0:00:45]} e6 {[%emt 0:00:33]} 7. O-O {[%emt 0:00:32]} Nge7 {[%emt 0:02:03]} 8. Re1 {[%emt 0:00:47]} O-O {[%emt 0:01:30]} 9. Nbd2 {[%emt 0:02:20]} Rb8 {[%emt 0:02:23]} 10. Nf1 {[%emt 0:01:22]} b5 {[%emt 0:07:20]} 11. a3 {[%emt 0:15:25]} a5 {[%emt 0:05:19]} 12. d4 {[%emt 0:01:04]} cxd4 {[%emt 0:12:18]} 13. cxd4 {[%emt 0:01:03]} b4 {[%emt 0:03:50]} 14. Be3 {[%emt 0:04:59]} bxa3 {[%emt 0:06:18]} 15. bxa3 {[%emt 0:00:30]} Ba6 {[%emt 0:03:38]} 16. Qd2 {[%emt 0:01:23]} a4 {[%emt 0:08:26]} 17. Rab1 {[%emt 0:05:14]} Qa5 {[%emt 0:05:11]} 18. h4 {[%emt 0:15:44]} Rfc8 {[%emt 0:07:15]} 19. Qd1 {[%emt 0:10:43]} Rxb1 {[%emt 0:03:29]} 20. Qxb1 {[%emt 0:00:19]} Rb8 {[%emt 0:03:44]} 21. Qc1 {[%emt 0:01:24]} Bxf1 {[%emt 0:06:33]} 22. Bxf1 {[%emt 0:00:39]} Qa8 {[%emt 0:02:41]} 23. h5 {[%emt 0:05:38]} d5 {[%emt 0:03:01]} 24. hxg6 hxg6 {[%emt 0:00:36]} 25. Bd3 {[%emt 0:06:53]} Rc8 {[%emt 0:02:15]} 26. Qd1 {[%emt 0:03:05]} dxe4 {[%emt 0:00:50]} 27. Bxe4 {[%emt 0:00:17]} Nd5 {[%emt 0:00:18]} 28. Ng5 {[%emt 0:00:52]} Nc3 {[%emt 0:02:16]} 29. Qf3 {[%emt 0:00:23]} Nxe4 {[%emt 0:01:16]} 30. Qxf7+ {[%emt 0:01:26]} Kh8 {[%emt 0:00:05]} 31. Nxe4 {[%emt 0:02:43]} Nxd4 {[%emt 0:01:34]} 32. Bxd4 {[%emt 0:02:25]} Bxd4 {[%emt 0:00:08]} 33. Kg2 {[%emt 0:00:12]} Rc5 {[%emt 0:02:55]} 34. Qxg6 {[%emt 0:01:08]} Bg7 {[%emt 0:01:12]} 35. Rh1+ {[%emt 0:03:42]} Kg8 {[%emt 0:00:08]} 36. Qxe6+ {[%emt 0:00:11]} Kf8 {[%emt 0:00:30]} 37. Rh4 {[%emt 0:01:22]} Re5 {[%emt 0:00:44]} 38. Rf4+ 1-0

[Event "DFMMLV 2019"]
[Site "Braunfels"]
[Date "2019.06.23"]
[Round "5.13"]
[White "Boettger, Sina Fleur"]
[Black "Mehling, Katharina"]
[Result "1/2-1/2"]
[WhiteElo "1744"]
[BlackElo "1974"]
[Annotator "NA"]
[PlyCount "134"]
[EventDate "2019.06.20"]
[EventType "team-tourn"]
[EventCountry "GER"]
[SourceTitle "playchess.com"]
[Source "ChessBase"]
[SourceQuality "1"]
[WhiteTeam "Baden"]
[BlackTeam "Bayern 1"]
[TimeControl "40/5400+30:1800+30"]

1. c4 {[%emt 0:00:00]} f5 {[%emt 0:00:00]} 2. Nc3 {[%emt 0:00:00]} Nf6 {[%emt 0:00:00]} 3. g3 {[%emt 0:00:00]} g6 {[%emt 0:00:00]} 4. Bg2 {[%emt 0:00:00]} Bg7 {[%emt 0:00:00]} 5. Nf3 {[%emt 0:00:00]} O-O {[%emt 0:00:13]} 6. O-O {[%emt 0:00:20]} d6 {[%emt 0:00:09]} 7. d3 {[%emt 0:00:30]} e5 {[%emt 0:00:57]} 8. e4 {[%emt 0:03:02]} c5 {[%emt 0:21:00] A21: English Opening: 1...e5 2 Nc3} (8... Nc6 9. Nd5 Be6 10. Bg5 Qd7 11. Re1 Nh5 12. exf5 Bxf5 13. Qd2 Bg4 14. Nh4 Rf7 15. Be4 Nd4 16. Be3 c6 17. Bxd4 cxd5 18. Bxd5 exd4 {1-0 (34) Kriebel,T (2445)-Svoboda,S (2441) Slovakia 2017}) 9. Bg5 {[%emt 0:10:38]} h6 {[%emt 0:03:42]} 10. Bxf6 {[%emt 0:00:38]} Qxf6 $146 {[%emt 0:02:24]} ({Predecessor:} 10... Bxf6 11. a3 Nc6 12. Rb1 f4 13. Nd5 g5 14. Ne1 g4 15. f3 h5 16. Nc2 {0-1 (33) Acosta,A (2270)-Vallejo Pons,F (2325) Los Barrios 1995}) 11. Nd5 {[%emt 0:05:24]} Qf7 {[%emt 0:00:33]} 12. exf5 {[%emt 0:11:29]} gxf5 {[%emt 0:01:53]} 13. Rb1 {[%emt 0:00:27]} Na6 {[%emt 0:02:33]} 14. a3 {[%emt 0:00:58]} Nc7 {[%emt 0:05:14]} 15. Nxc7 {[%emt 0:06:30]} Qxc7 {[%emt 0:00:08]} 16. b4 {[%emt 0:00:14]} a6 {[%emt 0:04:32]} 17. Nh4 {[%emt 0:04:29]} Rb8 {[%emt 0:07:21]} 18. Bd5+ {[%emt 0:07:09]} Kh7 {[%emt 0:00:18]} 19. Qh5 {[%emt 0:00:31]} Qd8 {[%emt 0:06:34]} 20. bxc5 {[%emt 0:06:54]} Qg5 {[%emt 0:01:28]} 21. Qf3 {[%emt 0:02:04]} dxc5 {[%emt 0:01:18]} 22. Rb6 {[%emt 0:03:38]} Rf6 {[%emt 0:03:32]} 23. Rfb1 {[%emt 0:01:41]} Qg4 {[%emt 0:07:16]} 24. Qe3 {[%emt 0:11:14]} Qd4 {[%emt 0:15:28]} 25. Qe2 {[%emt 0:06:09]} Qg4 {[%emt 0:11:38]} 26. Qxg4 {[%emt 0:04:22]} fxg4 {[%emt 0:00:05]} 27. Be4+ {[%emt 0:00:04]} Kg8 {[%emt 0:00:17]} 28. Rxf6 {[%emt 0:00:19]} Bxf6 {[%emt 0:00:05]} 29. Rb6 {[%emt 0:00:47]} Kf7 {[%emt 0:02:39]} 30. Bd5+ {[%emt 0:00:13]} Kg7 {[%emt 0:00:12]} 31. Kg2 {[%emt 0:05:58]} Bg5 {[%emt 0:01:31]} 32. f3 {[%emt 0:00:47]} gxf3+ {[%emt 0:00:10]} 33. Kxf3 {[%emt 0:00:40]} Bc1 {[%emt 0:01:07]} 34. a4 {[%emt 0:00:58]} Bd7 {[%emt 0:00:12]} 35. Rxb7 {[%emt 0:04:15]} Rxb7 {[%emt 0:00:11]} 36. Bxb7 {[%emt 0:00:02]} Bxa4 {[%emt 0:00:42]} 37. Bxa6 {[%emt 0:00:04]} Kf6 {[%emt 0:00:25]} 38. Bb7 {[%emt 0:01:01]} Bb2 {[%emt 0:00:39]} 39. Be4 {[%emt 0:02:38]} Kg5 {[%emt 0:01:04]} 40. h3 {[%emt 0:02:05]} Bd1+ {[%emt 0:00:31]} 41. Kg2 {[%emt 0:31:27]} Bc3 {[%emt 0:03:34]} 42. Nf5 {[%emt 0:00:00]} Bd2 {[%emt 0:01:46]} 43. Ne7 {[%emt 0:00:00]} Kf6 {[%emt 0:01:53]} 44. Nd5+ {[%emt 0:00:00]} Ke6 {[%emt 0:01:09]} 45. Nc7+ {[%emt 0:00:00]} Kd6 {[%emt 0:00:59] [#]} 46. Nd5 {[%emt 0:00:00]} (46. Nb5+ $1 $16 Ke7 47. Kf1) 46... Ke6 $1 {[%emt 0:00:19]} 47. Kf2 {[%emt 0:00:00]} Ba5 {[%emt 0:03:55]} 48. Ne3 {[%emt 0:00:00]} Ba4 {[%emt 0:01:58]} 49. Nf5 {[%emt 0:00:00]} Bd2 {[%emt 0:00:35]} 50. Ke2 {[%emt 0:00:00]} Bc1 {[%emt 0:00:34]} 51. h4 {[%emt 0:00:00]} Kf6 {[%emt 0:00:56]} 52. Ne3 {[%emt 0:00:00]} Bd7 {[%emt 0:02:46]} 53. Bf3 {[%emt 0:00:13]} Be6 $16 54. Be4 {[%emt 0:00:30]} Bb2 {[%emt 0:08:00]} 55. Kf3 {[%emt 0:00:23]} Bc1 {[%emt 0:01:31]} 56. Ng4+ {[%emt 0:01:39]} Bxg4+ {[%emt 0:00:10]} 57. Kxg4 {[%emt 0:00:03]} Be3 {[%emt 0:00:23]} 58. Kf3 {[%emt 0:00:22]} Bc1 {[%emt 0:00:09]} 59. g4 {[%emt 0:00:27]} Bd2 60. Bf5 h5 {[%emt 0:02:25]} 61. Ke4 {[%emt 0:01:27]} hxg4 {[%emt 0:00:12]} 62. Bxg4 {[%emt 0:01:05]} Be1 {[%emt 0:00:00]} 63. Kd5 {[%emt 0:00:30]} Bf2 {[%emt 0:00:29]} 64. Bh5 {[%emt 0:00:22]} Kg7 {[%emt 0:00:07]} 65. Kxe5 {[%emt 0:00:19]} Kh6 {[%emt 0:00:08]} 66. Be8 {[%emt 0:00:09]} Bd4+ {[%emt 0:00:05]} 67. Ke6 {[%emt 0:00:21]} Bg1 {[%emt 0:00:04]} 1/2-1/2

[Event "DFMMLV 2019"]
[Site "Braunfels"]
[Date "2019.06.23"]
[Round "5.14"]
[White "Braun, Kristin"]
[Black "Grining, Maria"]
[Result "1-0"]
[WhiteElo "1895"]
[BlackElo "1709"]
[Annotator "NA"]
[PlyCount "49"]
[EventDate "2019.06.20"]
[EventType "team-tourn"]
[EventCountry "GER"]
[SourceTitle "playchess.com"]
[Source "ChessBase"]
[SourceQuality "1"]
[WhiteTeam "Bayern 1"]
[BlackTeam "Baden"]
[TimeControl "40/5400+30:1800+30"]

1. e4 {[%emt 0:00:00]} e5 {[%emt 0:00:00]} 2. Nf3 {[%emt 0:00:00]} Nc6 {[%emt 0:00:00]} 3. Bc4 {[%emt 0:00:00]} Nf6 {[%emt 0:00:00]} 4. d3 {[%emt 0:00:00]} Be7 {[%emt 0:00:27]} 5. c3 {[%emt 0:00:54]} O-O {[%emt 0:01:34]} 6. Nbd2 {[%emt 0:00:56]} d5 {[%emt 0:01:18]} 7. exd5 {[%emt 0:03:51]} Nxd5 {[%emt 0:00:29]} 8. Ne4 {[%emt 0:01:03]} h6 {[%emt 0:00:11]} 9. h3 {[%emt 0:01:46]} Nf6 {[%emt 0:07:47]} 10. Qe2 {[%emt 0:05:47]} Kh8 {[%emt 0:10:29]} 11. g4 {[%emt 0:04:43]} Nxe4 {[%emt 0:01:14]} 12. dxe4 {[%emt 0:09:46]} f6 {[%emt 0:17:06]} 13. Nh4 {[%emt 0:05:16]} Qe8 {[%emt 0:01:48]} 14. Nf5 {[%emt 0:03:17]} Bc5 {[%emt 0:05:51]} 15. b4 {[%emt 0:11:35]} Bd6 {[%emt 0:03:19]} 16. Qd2 {[%emt 0:08:07]} Bxf5 {[%emt 0:00:13]} 17. gxf5 {[%emt 0:00:36]} Rd8 {[%emt 0:02:19]} 18. Qe2 {[%emt 0:02:21]} a5 {[%emt 0:04:23]} 19. b5 {[%emt 0:01:55]} Nb8 {[%emt 0:02:03]} 20. Rg1 {[%emt 0:01:36]} Nd7 {[%emt 0:07:56]} 21. Rg6 {[%emt 0:01:33]} Rf7 {[%emt 0:00:59]} 22. Qh5 {[%emt 0:05:01]} Nf8 {[%emt 0:02:11]} 23. Bxf7 {[%emt 0:00:23]} Qxf7 {[%emt 0:00:07]} 24. Rxh6+ {[%emt 0:00:09]} Kg8 {[%emt 0:00:22]} 25. Rh8# {[%emt 0:00:05]} 1-0